Marco In Silia

محفوظ في:
التفاصيل البيبلوغرافية
المؤلف الرئيسي: Luciana Martini
التنسيق: كتاب
اللغة:لغة غير معروفة
منشور في: Salani Narrativa
الوسوم: إضافة وسم
لا توجد وسوم, كن أول من يضع وسما على هذه التسجيلة!

MARC

LEADER 00000nam a2200000Ia 4500
001 R-601
003 CODICE-MESSINA
005 20260212102454.0
008 260211s9999 xx 000 0 und d
040 |c importazione_messina 
100 |a Luciana Martini 
245 0 |a Marco In Silia 
260 |b Salani Narrativa 
942 |2 ddc  |c BK 
952 |0 0  |1 0  |2 ddc  |4 0  |6 SCAFFALE_5_000000000000000__ROMANZI  |7 0  |9 31422  |a ME  |b ME  |d 2026-02-11  |l 0  |o SCAFFALE 5 - ROMANZI  |p R-601  |r 2026-02-11 23:52:32  |w 2026-02-11  |x [REVISIONARE]  |y BK 
999 |c 27087  |d 27087